[Event "SR 2. liga A 2016/2017"]
[Site "?"]
[Date "2017.11.25"]
[Round "3.2"]
[White "Sahidi, Samir"]
[Black "Takacs, Laszlo"]
[Result "1/2-1/2"]
[WhiteElo "2250"]
[BlackElo "2241"]
[PlyCount "118"]
[EventDate "2017.??.??"]
[WhiteTeam "SK Doprastav Bratislava A"]
[BlackTeam "DSC Potonska veza"]

1. Nf3 Nf6 2. c4 g6 3. Nc3 Bg7 4. d4 d5 5. Qa4+ c6 6. Bf4 Qb6 7. cxd5 O-O 8.
Qb3 Nxd5 9. Nxd5 cxd5 10. Qxb6 axb6 11. e3 Bf5 12. Bxb8 Rfxb8 13. Kd2 Rc8 14.
Bd3 Bxd3 15. Kxd3 Kf8 16. Rhc1 Ke8 17. a3 f6 18. Rc3 Kd7 19. Rac1 Rc6 20. Kc2
e6 21. Kb3 Bf8 22. Ne1 Rxc3+ 23. Rxc3 Bd6 24. g3 g5 25. h3 h5 26. Rc1 Rg8 27.
Nd3 Ra8 28. Rg1 Rc8 29. f4 Rg8 30. g4 hxg4 31. Rxg4 Rh8 32. Rg3 Rh4 33. Rf3
gxf4 34. exf4 Ke7 35. Kc3 Kf7 36. Ne5+ Bxe5 37. dxe5 fxe5 38. fxe5+ Ke7 39. Rg3
Kf7 40. Kd2 Re4 41. Rb3 Rh4 42. Rxb6 Rxh3 43. Rxb7+ Kg6 44. a4 Kf5 45. a5 Ke4
46. a6 d4 47. b4 Ra3 48. b5 Ra2+ 49. Kc1 d3 50. Rd7 Ke3 51. a7 d2+ 52. Rxd2
Rxa7 53. Rd6 Rb7 54. b6 Ke4 55. Rxe6 Kd5 56. Re8 Rxb6 57. Kc2 Re6 58. Rxe6 Kxe6
59. Kd3 Kxe5 1/2-1/2

[Event "SR 2. liga A 2016/2017"]
[Site "?"]
[Date "2017.11.25"]
[Round "3.2"]
[White "Marosi, Csaba"]
[Black "Cech, Dominik"]
[Result "0-1"]
[WhiteElo "2011"]
[BlackElo "2157"]
[PlyCount "94"]
[EventDate "2017.??.??"]
[WhiteTeam "DSC Potonska veza"]
[BlackTeam "SK Doprastav Bratislava A"]

1. e4 e5 2. d4 exd4 3. Qxd4 Nc6 4. Qe3 Nf6 5. Bd2 Bb4 6. a3 Bxd2+ 7. Nxd2 O-O
8. O-O-O Re8 9. Qf4 d6 10. Qh4 Nxe4 11. Qxd8 Nxd8 12. Nxe4 Rxe4 13. Bd3 Re8 14.
Ne2 Bd7 15. Nd4 Ne6 16. Bf5 g6 17. Nxe6 Bxe6 18. Bxe6 Rxe6 19. Rd2 Rae8 20.
Rhd1 Kg7 21. c3 h5 22. h4 Re4 23. g3 Re2 24. Kc2 Kf6 25. Kd3 Rxd2+ 26. Kxd2 Re5
27. Rf1 Ke6 28. Kd3 d5 29. f3 f6 30. Rg1 c5 31. b3 b6 32. a4 Kf7 33. f4 Re4 34.
c4 Rd4+ 35. Kc3 dxc4 36. bxc4 Re4 37. Kb3 Re7 38. Kb2 g5 39. fxg5 fxg5 40. hxg5
Kg6 41. Rf1 Kxg5 42. Rf4 Re6 43. Rh4 Re2+ 44. Kc3 Re6 45. Rh3 Re3+ 46. Kb2 Rf3
47. Ka2 Rc3 0-1

[Event "SR 2. liga A 2016/2017"]
[Site "?"]
[Date "2017.11.25"]
[Round "3.2"]
[White "Polacik, Igor"]
[Black "Darasz, Zoltan"]
[Result "1/2-1/2"]
[WhiteElo "2191"]
[BlackElo "2140"]
[PlyCount "62"]
[EventDate "2017.??.??"]
[WhiteTeam "SK Doprastav Bratislava A"]
[BlackTeam "DSC Potonska veza"]

1. c4 Nf6 2. Nc3 d5 3. cxd5 Nxd5 4. g3 g6 5. Bg2 Nb6 6. Nf3 Bg7 7. O-O O-O 8.
d3 Nc6 9. Be3 e5 10. Qd2 Nd4 11. Bh6 c6 12. Bxg7 Nxf3+ 13. Bxf3 Kxg7 14. h4 Nd5
15. h5 Be6 16. hxg6 hxg6 17. Ne4 Ne7 18. Nc5 Bd5 19. e4 Be6 20. Nxe6+ fxe6 21.
Bg4 Qd6 22. Rac1 Rfd8 23. Rc3 Rd7 24. Rfc1 Rad8 25. Qe3 Qd4 26. Qg5 Rd6 27. Qd2
Qb4 28. Qc2 Qb5 29. Be2 Kf6 30. Kg2 Qb4 31. Rb3 Qd4 1/2-1/2

[Event "SR 2. liga A 2016/2017"]
[Site "?"]
[Date "2017.11.25"]
[Round "3.2"]
[White "Keresztes, Mark"]
[Black "Orosi, Peter"]
[Result "0-1"]
[WhiteElo "2003"]
[BlackElo "2081"]
[PlyCount "88"]
[EventDate "2017.??.??"]
[WhiteTeam "DSC Potonska veza"]
[BlackTeam "SK Doprastav Bratislava A"]

1. c4 e5 2. Nc3 Nf6 3. g3 c6 4. d4 d6 5. Bg2 exd4 6. Qxd4 Be7 7. Nf3 Qb6 8. b3
d5 9. Qxb6 axb6 10. cxd5 Nxd5 11. Bd2 Be6 12. Nxd5 Bxd5 13. Bc3 O-O 14. O-O Na6
15. Nd4 Bxg2 16. Kxg2 Bf6 17. e3 Nc5 18. Ne2 Bxc3 19. Nxc3 Rfd8 20. Rfd1 b5 21.
Kf3 b4 22. Ne4 Ne6 23. Ke2 Rxd1 24. Kxd1 f5 25. Nd2 Kf7 26. Kc2 Nc5 27. f3 Ke6
28. Nc4 b5 29. Nb2 Ke5 30. h3 g6 31. Nd1 Ra3 32. Nf2 Nxb3 33. Nd3+ Ke6 34. Re1
Na5 35. Nxb4 c5 36. Nd3 Rxa2+ 37. Kd1 Rh2 38. Nxc5+ Kd5 39. Nd3 g5 40. e4+ fxe4
41. Rxe4 Rxh3 42. Rg4 h6 43. f4 Rh1+ 44. Kc2 Nc4 0-1

[Event "SR 2. liga A 2016/2017"]
[Site "?"]
[Date "2017.11.25"]
[Round "3.2"]
[White "Petrik, Karol"]
[Black "Kalmar, Tamas"]
[Result "1/2-1/2"]
[WhiteElo "2048"]
[BlackElo "2101"]
[PlyCount "56"]
[EventDate "2017.??.??"]
[WhiteTeam "SK Doprastav Bratislava A"]
[BlackTeam "DSC Potonska veza"]

1. e4 c6 2. c4 d5 3. exd5 cxd5 4. cxd5 Qxd5 5. Nc3 Qd8 6. Nf3 Nf6 7. Bc4 e6 8.
d4 Be7 9. O-O O-O 10. Re1 Nc6 11. Bg5 h6 12. Bh4 b6 13. Rc1 Bb7 14. a3 Rc8 15.
Bd3 Nd5 16. Bxe7 Ncxe7 17. Nxd5 Bxd5 18. Rxc8 Qxc8 19. Be4 Rd8 20. Qe2 Bxe4 21.
Qxe4 Qd7 22. Rc1 Rc8 23. Rxc8+ Qxc8 24. g3 Nd5 25. Qe2 Qc1+ 26. Kg2 Qc6 27. Kg1
Qc1+ 28. Kg2 Qc6 1/2-1/2

[Event "SR 2. liga A 2016/2017"]
[Site "?"]
[Date "2017.11.25"]
[Round "3.2"]
[White "Merva, Frantisek"]
[Black "Krajnak, Robert"]
[Result "1-0"]
[WhiteElo "2068"]
[BlackElo "2024"]
[PlyCount "59"]
[EventDate "2017.??.??"]
[WhiteTeam "DSC Potonska veza"]
[BlackTeam "SK Doprastav Bratislava A"]

1. d4 Nf6 2. c4 e6 3. Nc3 Bb4 4. Qc2 c5 5. a3 Bxc3+ 6. bxc3 Nc6 7. Nf3 h6 8. e4
d6 9. d5 Nb8 10. dxe6 Bxe6 11. Be2 O-O 12. O-O Nc6 13. Rd1 Qc7 14. h3 Rad8 15.
Bf4 Ne5 16. Nd2 Rc8 17. Bg3 Qc6 18. f4 Nxc4 19. Nxc4 Bxc4 20. Bxc4 Qxe4 21. Bd3
Qe3+ 22. Bf2 Qxf4 23. Re1 Rfe8 24. Rxe8+ Rxe8 25. Re1 Rxe1+ 26. Bxe1 d5 27. Qe2
Qa4 28. Qe7 Ne4 29. Qd8+ Kh7 30. Qxd5 1-0

[Event "SR 2. liga A 2016/2017"]
[Site "?"]
[Date "2017.11.25"]
[Round "3.2"]
[White "Jelenciak, Jozef"]
[Black "Vegh, Vince"]
[Result "1-0"]
[WhiteElo "1875"]
[BlackElo "1919"]
[PlyCount "89"]
[EventDate "2017.??.??"]
[WhiteTeam "SK Doprastav Bratislava A"]
[BlackTeam "DSC Potonska veza"]

1. e4 c5 2. f4 Nc6 3. Nf3 e6 4. Bb5 d5 5. Bxc6+ bxc6 6. d3 Ba6 7. Nc3 Qb6 8. b3
Be7 9. Na4 Qc7 10. c4 Rd8 11. Qe2 Nf6 12. e5 Nd7 13. O-O O-O 14. Be3 h6 15.
Rae1 Bb7 16. Bf2 a5 17. g4 Bc8 18. Bg3 Nb6 19. Nc3 a4 20. Nd1 Qd7 21. Nf2 axb3
22. axb3 Na8 23. h4 Qb7 24. Nd2 Nc7 25. g5 hxg5 26. hxg5 g6 27. Ng4 Kg7 28. Kg2
Rh8 29. Rh1 Qb8 30. Nf6 Na6 31. Rh6 Rxh6 32. gxh6+ Kh8 33. Bh4 Nb4 34. Nf3 Qa7
35. Kg3 Bd7 36. Ng4 Bxh4+ 37. Kxh4 Be8 38. Nf6 Qe7 39. Ra1 dxc4 40. dxc4 Qf8
41. Kg4 Qe7 42. Rd1 Ra8 43. Qd2 Rb8 44. Qd6 Qxd6 45. exd6 1-0

[Event "SR 2. liga A 2016/2017"]
[Site "?"]
[Date "2017.11.25"]
[Round "3.3"]
[White "Kostolansky, Sebastian Lukas"]
[Black "Smolen, Jan"]
[Result "0-1"]
[WhiteElo "2205"]
[BlackElo "2419"]
[PlyCount "76"]
[EventDate "2017.??.??"]
[WhiteTeam "SK Slovan Bratislava E"]
[BlackTeam "SK Nafta Gbely"]

1. e4 c6 2. d4 d5 3. e5 Bf5 4. Nf3 e6 5. Be2 Ne7 6. O-O Nd7 7. Bf4 Nc8 8. Nbd2
Be7 9. h3 O-O 10. c4 h6 11. Qb3 Qb6 12. c5 Qc7 13. Qa4 a5 14. a3 Ra7 15. Rfc1
Nb8 16. Qd1 a4 17. b4 axb3 18. Nxb3 b6 19. Rc3 Nd7 20. Qc1 bxc5 21. Nxc5 Bxc5
22. dxc5 Ne7 23. Qe3 Ng6 24. Bh2 Ne7 25. Nd4 Be4 26. g4 Rb8 27. f3 Bh7 28. f4
Qa5 29. f5 Rb2 30. fxe6 fxe6 31. Rac1 Nf8 32. g5 hxg5 33. Bg4 Be4 34. Ne2 Qa6
35. Re1 Nf5 36. Qxg5 d4 37. Rcc1 d3 38. Nf4 d2 0-1

[Event "SR 2. liga A 2016/2017"]
[Site "?"]
[Date "2017.11.25"]
[Round "3.3"]
[White "Matejovic, Juraj"]
[Black "Jancovic, Peter"]
[Result "0-1"]
[WhiteElo "2244"]
[BlackElo "2242"]
[PlyCount "70"]
[EventDate "2017.??.??"]
[WhiteTeam "SK Nafta Gbely"]
[BlackTeam "SK Slovan Bratislava E"]

1. e4 c5 2. Nf3 d6 3. d4 cxd4 4. Nxd4 Nf6 5. Nc3 a6 6. Bc4 e6 7. Bb3 Be7 8. Bg5
h6 9. Bh4 O-O 10. Qf3 Nbd7 11. O-O-O Re8 12. Rhg1 Qa5 13. g4 Ne5 14. Qe2 g5 15.
Bg3 Ng6 16. Nf3 e5 17. h4 Bxg4 18. hxg5 hxg5 19. Bh2 Kg7 20. Nd5 Qb5 21. c4 Qd7
22. Nb6 Qc6 23. Nxa8 Rxa8 24. Bc2 Rh8 25. Bg3 Rc8 26. Rde1 b5 27. Qd3 bxc4 28.
Qc3 Bxf3 29. Qxf3 Bd8 30. Rd1 Bb6 31. Qc3 Bc5 32. Rge1 Qb6 33. a3 a5 34. Re2
Bd4 35. Qf3 g4 0-1

[Event "SR 2. liga A 2016/2017"]
[Site "?"]
[Date "2017.11.25"]
[Round "3.3"]
[White "Nestorenko, Dmitry"]
[Black "Danada, Tomas"]
[Result "1-0"]
[WhiteElo "2246"]
[BlackElo "2241"]
[PlyCount "143"]
[EventDate "2017.??.??"]
[WhiteTeam "SK Slovan Bratislava E"]
[BlackTeam "SK Nafta Gbely"]

1. e4 d6 2. d4 Nf6 3. Bd3 e5 4. c3 Qe7 5. Qc2 exd4 6. cxd4 Nc6 7. Ne2 d5 8. e5
Nb4 9. Qd1 Nxd3+ 10. Qxd3 Nd7 11. Nbc3 Nb6 12. a4 a5 13. O-O Qd7 14. f4 Qf5 15.
Qd1 h5 16. Ng3 Qg4 17. Rf3 h4 18. h3 Qd7 19. Nf1 g6 20. Ne3 c6 21. f5 gxf5 22.
Nxf5 Qe6 23. Ne3 Qg6 24. Qb3 Ra6 25. Qd1 Rg8 26. Qf1 Be6 27. Rf6 Qg7 28. Nf5
Qh7 29. Qd3 Bxf5 30. Rxf5 Nc8 31. Qf1 Ne7 32. Rf3 Rb6 33. Ne2 Ng6 34. b3 Be7
35. Qf2 Nf8 36. Bd2 Ra6 37. Rf1 Rg7 38. Qe1 Qe4 39. R1f2 Ne6 40. Re3 Qg6 41.
Bxa5 Bg5 42. Ref3 Qe4 43. Bd2 Ra8 44. Kh1 Bxd2 45. Qxd2 Ng5 46. Re3 Qb1+ 47.
Qc1 Qxc1+ 48. Nxc1 Ne4 49. Rf4 Rg3 50. Ref3 b5 51. Rxh4 Rg8 52. Ne2 bxa4 53.
bxa4 Rxa4 54. Kh2 Ra2 55. Ng3 Nd2 56. Rf2 Rb2 57. Rhf4 Rg7 58. Nf5 Rg6 59. Nd6+
Kd8 60. Rxf7 Nf1+ 61. Kg1 Rxf2 62. Kxf2 Nd2 63. g4 Rh6 64. Kg3 Nb3 65. Nf5 Re6
66. Rf6 Kd7 67. Rf7+ Kd8 68. Rb7 Nd2 69. Kf4 Nc4 70. Ng7 Rh6 71. e6 Nd6 72.
Rd7+ 1-0

[Event "SR 2. liga A 2016/2017"]
[Site "?"]
[Date "2017.11.25"]
[Round "3.3"]
[White "Pribila, Gerhard"]
[Black "Hacik, Radomir"]
[Result "1/2-1/2"]
[WhiteElo "2124"]
[BlackElo "2144"]
[PlyCount "35"]
[EventDate "2017.??.??"]
[WhiteTeam "SK Nafta Gbely"]
[BlackTeam "SK Slovan Bratislava E"]

1. d4 Nf6 2. c4 e6 3. Nc3 d5 4. cxd5 exd5 5. Bg5 Be7 6. Qc2 O-O 7. e3 c6 8. Bd3
h6 9. Bh4 b5 10. Nf3 Nbd7 11. O-O Bb7 12. Rac1 Re8 13. Bf5 Nb6 14. b3 b4 15.
Nd1 Ne4 16. Bxe7 Qxe7 17. Ne5 Nd6 18. Bh3 1/2-1/2

[Event "SR 2. liga A 2016/2017"]
[Site "?"]
[Date "2017.11.25"]
[Round "3.3"]
[White "Zetocha, Adrian"]
[Black "Travnicek, Petr"]
[Result "1/2-1/2"]
[WhiteElo "2007"]
[BlackElo "2110"]
[PlyCount "125"]
[EventDate "2017.??.??"]
[WhiteTeam "SK Slovan Bratislava E"]
[BlackTeam "SK Nafta Gbely"]

1. d4 Nf6 2. c4 g6 3. Nc3 Bg7 4. Bg5 O-O 5. e3 c5 6. d5 d6 7. Bd3 Na6 8. Nf3
Nb4 9. Bb1 Bd7 10. O-O Rb8 11. a3 Na6 12. a4 Nb4 13. e4 Ng4 14. Qe2 Qe8 15. h3
Ne5 16. Nxe5 Bxe5 17. Bh6 Bg7 18. Bxg7 Kxg7 19. e5 e6 20. f4 exd5 21. cxd5 Qe7
22. Ba2 Rfe8 23. Rfe1 Bf5 24. Bb1 Bxb1 25. Raxb1 Qh4 26. Qd2 dxe5 27. fxe5 Qd4+
28. Qxd4 cxd4 29. Nb5 Nxd5 30. Nxd4 Rbd8 31. Re4 Nc7 32. Rc1 Rd7 33. Kh2 Ne6
34. Nxe6+ Rxe6 35. b4 Rde7 36. Rc5 Kf8 37. Kg3 Ke8 38. Rd5 Rd7 39. Red4 Rxd5
40. Rxd5 Rc6 41. a5 Ke7 42. Rb5 b6 43. axb6 axb6 44. Kf3 Kd7 45. Ke4 Kc7 46.
Rd5 Rc4+ 47. Rd4 Rc2 48. g3 Re2+ 49. Kd5 Re3 50. Rf4 Rd3+ 51. Ke4 Rd7 52. Rf6
Re7 53. h4 h5 54. b5 Kb7 55. e6 fxe6 56. Rxg6 Kc7 57. Rh6 Rg7 58. Rxh5 Rxg3 59.
Ke5 Re3+ 60. Kf4 Rb3 61. Ke4 Kd6 62. Kd4 Rb4+ 63. Kc3 1/2-1/2

[Event "SR 2. liga A 2016/2017"]
[Site "?"]
[Date "2017.11.25"]
[Round "3.3"]
[White "Danada, Ondrej"]
[Black "Cambel, Vladimir"]
[Result "0-1"]
[WhiteElo "1855"]
[BlackElo "1983"]
[PlyCount "126"]
[EventDate "2017.??.??"]
[WhiteTeam "SK Nafta Gbely"]
[BlackTeam "SK Slovan Bratislava E"]

1. e4 c5 2. Nf3 Nc6 3. d4 cxd4 4. Nxd4 g6 5. Nc3 Bg7 6. Be3 Nf6 7. Bc4 O-O 8.
f3 d6 9. Qd2 Bd7 10. O-O-O Rc8 11. Bb3 Ne5 12. Bh6 Nc4 13. Bxc4 Rxc4 14. Bxg7
Kxg7 15. h4 h5 16. g4 Qa5 17. gxh5 Nxh5 18. Rdg1 Rfc8 19. Rg5 Qb6 20. Rxh5 Qxd4
21. Qh6+ Kg8 22. Qh7+ Kf8 23. e5 Qf4+ 24. Kb1 e6 25. exd6 Qxd6 26. Qh6+ Ke8 27.
Rd1 Qf4 28. Qxf4 Rxf4 29. Rh7 Rxf3 30. Ne4 Rc6 31. b3 Ke7 32. c4 Rf4 33. Ng5
Rc7 34. Rd3 Bc6 35. Kc2 b5 36. c5 a5 37. a3 Be4 38. Nxe4 Rxe4 39. Rc3 b4 40.
axb4 axb4 41. Rf3 Rxc5+ 42. Kd3 Rg4 43. Rfxf7+ Kd6 44. Rf3 Rc3+ 45. Ke2 Rg2+
46. Kf1 Rb2 47. Rf2 Rbxb3 48. h5 gxh5 49. Rxh5 Rf3 50. Rb5 Rb1+ 51. Kg2 Rxf2+
52. Kxf2 e5 53. Ke3 b3 54. Kd2 Ke6 55. Ke3 Kf5 56. Kf2 Kf4 57. Rb8 Rb2+ 58. Kg1
Ke3 59. Rb7 e4 60. Rb8 Ke2 61. Rb7 e3 62. Rb8 Kd1 63. Rb7 e2 0-1

[Event "SR 2. liga A 2016/2017"]
[Site "?"]
[Date "2017.11.25"]
[Round "3.3"]
[White "Jancovicova, Andrea"]
[Black "Valla, Tomas"]
[Result "1/2-1/2"]
[WhiteElo "1984"]
[BlackElo "1852"]
[PlyCount "47"]
[EventDate "2017.??.??"]
[WhiteTeam "SK Slovan Bratislava E"]
[BlackTeam "SK Nafta Gbely"]

1. f4 d5 2. Nf3 Bg4 3. e3 Nf6 4. b3 Nbd7 5. Bb2 e6 6. Be2 Bxf3 7. Bxf3 Bd6 8.
O-O Qe7 9. Nc3 c6 10. d3 O-O 11. Qd2 Rad8 12. e4 dxe4 13. Nxe4 Nxe4 14. Bxe4
Nf6 15. Qe2 Bc5+ 16. Kh1 Bd4 17. c3 Bb6 18. d4 Rd7 19. Bc2 Rfd8 20. Rad1 g6 21.
a4 a6 22. Bc1 Nd5 23. Qf3 c5 24. Ba3 1/2-1/2

[Event "SR 2. liga A 2016/2017"]
[Site "?"]
[Date "2017.11.25"]
[Round "3.3"]
[White "Zajicek, Ferdinand"]
[Black "Vadila, Ondrej"]
[Result "1/2-1/2"]
[WhiteElo "1775"]
[BlackElo "1915"]
[PlyCount "41"]
[EventDate "2017.??.??"]
[WhiteTeam "SK Nafta Gbely"]
[BlackTeam "SK Slovan Bratislava E"]

1. e4 c5 2. Nf3 g6 3. d4 cxd4 4. Nxd4 Bg7 5. Be3 Nc6 6. Nc3 Nf6 7. Be2 O-O 8.
O-O d5 9. exd5 Nxd5 10. Nxd5 Qxd5 11. Nxc6 Qxc6 12. c3 Be6 13. Bf3 Qc7 14. Qc1
Be5 15. g3 Rfd8 16. Rd1 Bf5 17. Rxd8+ Rxd8 18. Qe1 b6 19. Rd1 Be6 20. Rxd8+
Qxd8 21. a3 1/2-1/2

[Event "SR 2. liga A 2016/2017"]
[Site "?"]
[Date "2017.11.25"]
[Round "3.4"]
[White "Ruckschloss, Karol"]
[Black "Jablonicky, Martin"]
[Result "1-0"]
[WhiteElo "2205"]
[BlackElo "2313"]
[PlyCount "99"]
[EventDate "2017.??.??"]
[WhiteTeam "SK Slovan Bratislava D"]
[BlackTeam "SK Osuske B"]

1. c4 Nf6 2. d4 g6 3. Nc3 Bg7 4. e4 d6 5. Be2 O-O 6. Nf3 Bg4 7. h3 Bxf3 8. Bxf3
Nfd7 9. Be3 Nc6 10. O-O e5 11. d5 Nd4 12. Nb5 Nxf3+ 13. Qxf3 f5 14. exf5 gxf5
15. Qh5 f4 16. Bd2 Nc5 17. Nc3 Qe8 18. Qxe8 Raxe8 19. b4 Nd7 20. Ne4 Nf6 21. f3
Nxe4 22. fxe4 Bf6 23. Rac1 Rf7 24. Rf3 Kh8 25. Be1 Rg8 26. c5 Rfg7 27. Rc2 Be7
28. Kf1 a6 29. a4 Rg6 30. Rfc3 Ra8 31. a5 Rb8 32. Bf2 Rbg8 33. Be1 Rb8 34. c6
b5 35. axb6 Rxb6 36. Ra3 Rg8 37. Rca2 Ra8 38. Ke2 Kg7 39. Kd3 Kf7 40. Kc4 Rg8
41. g4 h5 42. Bf2 Rbb8 43. gxh5 Rh8 44. Rxa6 Rxh5 45. Ra7 Rc8 46. R2a3 Bh4 47.
Bb6 Bd8 48. b5 Rg5 49. Bxc7 Rxc7 50. b6 1-0

[Event "SR 2. liga A 2016/2017"]
[Site "?"]
[Date "2017.11.25"]
[Round "3.4"]
[White "Karas, Marek"]
[Black "Janos, Martin"]
[Result "1-0"]
[WhiteElo "2251"]
[BlackElo "2230"]
[PlyCount "129"]
[EventDate "2017.??.??"]
[WhiteTeam "SK Osuske B"]
[BlackTeam "SK Slovan Bratislava D"]

1. d4 Nf6 2. c4 c5 3. d5 b5 4. cxb5 a6 5. b6 Qxb6 6. Nc3 g6 7. Nf3 Bg7 8. e4 d6
9. Nd2 Nbd7 10. Nc4 Qa7 11. Bd3 O-O 12. O-O Nb6 13. Nxb6 Qxb6 14. Rb1 e6 15.
dxe6 Bxe6 16. Qe2 d5 17. exd5 Nxd5 18. Nxd5 Bxd5 19. b3 Rae8 20. Qc2 Re6 21.
Bb2 Bd4 22. Bxd4 cxd4 23. Rfe1 Rfe8 24. Qd2 a5 25. Rxe6 Rxe6 26. Rd1 Bb7 27.
Bc4 Re4 28. f3 Rh4 29. Qe1 Qf6 30. Qg3 Rf4 31. Qe1 Kg7 32. Qxa5 h5 33. Re1 Rf5
34. Qc7 Bd5 35. Bxd5 Rxd5 36. Qc4 Qd6 37. Qd3 Kh7 38. g3 Qa3 39. Re2 Qc1+ 40.
Kg2 h4 41. gxh4 Qc5 42. Re4 Qd6 43. a4 Qd8 44. h5 Qg5+ 45. Rg4 Qxh5 46. Rxd4
Rg5+ 47. Rg4 Rd5 48. Qe3 Rc5 49. Rc4 Rg5+ 50. Rg4 Rc5 51. Rh4 Qxh4 52. Qxc5 Qf4
53. Qd5 Qc7 54. Qc4 Qe7 55. h4 Qd7 56. Qf4 Qd5 57. b4 Kg7 58. b5 Qa2+ 59. Kg3
Qa1 60. Qe4 f5 61. Qe7+ Kh6 62. Qe3+ Kg7 63. b6 Qxa4 64. Qe5+ Kh7 65. Qc7+ 1-0

[Event "SR 2. liga A 2016/2017"]
[Site "?"]
[Date "2017.11.25"]
[Round "3.4"]
[White "Nemeckay, Rastislav"]
[Black "Mikulas, Dusan"]
[Result "1/2-1/2"]
[WhiteElo "1955"]
[BlackElo "2040"]
[PlyCount "28"]
[EventDate "2017.??.??"]
[WhiteTeam "SK Osuske B"]
[BlackTeam "SK Slovan Bratislava D"]

1. e4 c5 2. Nf3 d6 3. Bb5+ Nd7 4. c3 a6 5. Ba4 b5 6. Bc2 Bb7 7. O-O Ngf6 8. Qe2
Qc7 9. d3 e6 10. Bg5 Be7 11. Nbd2 O-O 12. Rfe1 Rfe8 13. Nf1 Rac8 14. Rac1 h6
1/2-1/2

[Event "SR 2. liga A 2016/2017"]
[Site "?"]
[Date "2017.11.25"]
[Round "3.4"]
[White "Hecht, Tomas"]
[Black "Diviak, Rastislav"]
[Result "0-1"]
[WhiteElo "2029"]
[BlackElo "1961"]
[PlyCount "76"]
[EventDate "2017.??.??"]
[WhiteTeam "SK Slovan Bratislava D"]
[BlackTeam "SK Osuske B"]

1. e4 c5 2. c3 Nf6 3. e5 Nd5 4. d4 cxd4 5. Nf3 e6 6. cxd4 d6 7. Nc3 Nb6 8. Bb5+
Bd7 9. O-O Be7 10. Bf4 d5 11. Bd3 Nc6 12. Rc1 a6 13. a3 Na5 14. Re1 Nbc4 15.
Re2 b5 16. b4 Nc6 17. Ra2 Qb6 18. Bxc4 bxc4 19. Rb1 Na7 20. a4 O-O 21. Rab2 Nc6
22. b5 Na5 23. Bg5 Bxg5 24. Nxg5 Nb3 25. Rxb3 cxb3 26. Qd3 g6 27. Rxb3 h6 28.
Nce4 dxe4 29. Nxe4 Rac8 30. h4 Rc1+ 31. Kh2 Kg7 32. Nf6 Bc8 33. Ng4 Qd8 34. Qe4
axb5 35. Rh3 Rc4 36. Qe3 Rh8 37. h5 Qxd4 38. Qf3 Qf4+ 0-1

[Event "SR 2. liga A 2016/2017"]
[Site "?"]
[Date "2017.11.25"]
[Round "3.4"]
[White "Pericka, Pavol"]
[Black "Kuna, Vladimir"]
[Result "0-1"]
[WhiteElo "1777"]
[BlackElo "2035"]
[PlyCount "82"]
[EventDate "2017.??.??"]
[WhiteTeam "SK Osuske B"]
[BlackTeam "SK Slovan Bratislava D"]

1. e4 c5 2. Bc4 d6 3. Nf3 Nf6 4. Qe2 e6 5. d3 a6 6. c3 Nc6 7. Bb3 Qc7 8. Bf4 b5
9. Nbd2 Be7 10. h3 Bb7 11. O-O O-O 12. Nh2 Rac8 13. Ng4 a5 14. Bc2 b4 15. Nc4
Ne8 16. Qe3 Ba6 17. Nd2 Nf6 18. Nf3 bxc3 19. bxc3 Nxg4 20. hxg4 Bf6 21. e5 dxe5
22. Bg5 Bxg5 23. Nxg5 Qe7 24. Ne4 f5 25. Nxc5 f4 26. Qe4 Qxc5 27. d4 exd4 28.
Qxh7+ Kf7 29. Bg6+ Kf6 30. cxd4 Nxd4 31. Bd3 Bxd3 32. Qxd3 Qc4 33. Rfd1 Qxd3
34. Rxd3 e5 35. Rb1 Rc5 36. Rb6+ Kg5 37. Rh3 Rf6 38. Rb7 g6 39. f3 Ne2+ 40. Kf2
Ng3 41. Re7 Rb6 0-1

[Event "SR 2. liga A 2016/2017"]
[Site "?"]
[Date "2017.11.25"]
[Round "3.4"]
[White "Sturc, Jan"]
[Black "Trojkova, Michaela"]
[Result "1-0"]
[WhiteElo "1984"]
[BlackElo "1654"]
[PlyCount "99"]
[EventDate "2017.??.??"]
[WhiteTeam "SK Slovan Bratislava D"]
[BlackTeam "SK Osuske B"]

1. c4 c5 2. Nf3 Nc6 3. g3 g6 4. Bg2 Bg7 5. Nc3 Nf6 6. d3 O-O 7. Bf4 d6 8. Qd2
Bd7 9. h3 a6 10. Bh6 Qa5 11. O-O b5 12. a3 bxc4 13. dxc4 Rab8 14. Bxg7 Kxg7 15.
Rfb1 Qc7 16. Nd5 Nxd5 17. cxd5 Na5 18. Qc3+ Kg8 19. b4 Nb7 20. Rc1 Rfc8 21. Qe3
Qd8 22. Rc4 cxb4 23. Rxb4 Nc5 24. Rh4 Qf8 25. Nd4 Bb5 26. Rc1 Nd7 27. Nc6 Bxc6
28. dxc6 Nc5 29. Rb4 a5 30. Rxb8 Rxb8 31. Rc3 Rb1+ 32. Kh2 Rb8 33. Rxc5 dxc5
34. Qxc5 e6 35. Qxa5 Ra8 36. Qd2 Qxa3 37. c7 Re8 38. Qd7 Qf8 39. Bb7 Re7 40.
c8=Q Rxd7 41. Qxd7 Qc5 42. Qc8+ Qxc8 43. Bxc8 e5 44. Kg2 f6 45. Kf3 Kf7 46. Ke4
h6 47. h4 h5 48. Kd5 Ke7 49. Ba6 Kf7 50. Bd3 1-0

[Event "SR 2. liga A 2016/2017"]
[Site "?"]
[Date "2017.11.25"]
[Round "3.4"]
[White "Ulehla, Jakub"]
[Black "Sturc, Gustav"]
[Result "0-1"]
[WhiteElo "1703"]
[BlackElo "1979"]
[PlyCount "46"]
[EventDate "2017.??.??"]
[WhiteTeam "SK Osuske B"]
[BlackTeam "SK Slovan Bratislava D"]

1. e4 e5 2. f4 exf4 3. Nf3 Be7 4. Bc4 d6 5. O-O Bg4 6. d4 g5 7. Qe1 Nh6 8. b3
c6 9. d5 Bxf3 10. Rxf3 Bf6 11. Nc3 b5 12. Bd3 Bd4+ 13. Kh1 b4 14. e5 Bxc3 15.
Qe4 dxe5 16. dxc6 Qc7 17. Bc4 Bxa1 18. Rh3 Ng4 19. Qf3 f5 20. Qd5 Nf2+ 21. Kg1
Nxh3+ 22. gxh3 Bd4+ 23. Kg2 Kf8 0-1

[Event "SR 2. liga A 2016/2017"]
[Site "?"]
[Date "2017.11.25"]
[Round "3.5"]
[White "Sukuba, Zdeno"]
[Black "Gasa, Patrik"]
[Result "1-0"]
[WhiteElo "2187"]
[BlackElo "2120"]
[PlyCount "65"]
[EventDate "2017.??.??"]
[WhiteTeam "SK Krasnany"]
[BlackTeam "SK Lowe Piestany"]

1. c4 e5 2. Nc3 Nc6 3. g3 f5 4. Bg2 Nf6 5. d3 Bb4 6. Bd2 O-O 7. Nf3 d6 8. O-O
h6 9. a3 Bxc3 10. Bxc3 {(=)} Qe8 11. e3 g5 12. b4 Qg6 13. b5 Ne7 14. c5 Be6 15.
cxd6 cxd6 16. Bb4 Rad8 17. Nxe5 dxe5 18. Bxe7 e4 19. Bxf8 Kxf8 20. Qc1 Rxd3 21.
Qc5+ Kg7 22. Qxa7 Rd7 23. Rfd1 Rf7 24. Rd6 Bd7 25. a4 f4 26. Qd4 Bf5 27. Rc1
Qh5 28. Rc7 Qg6 29. b6 h5 30. a5 h4 31. Rxf7+ Qxf7 32. Qxf6+ Qxf6 33. Rxf6 1-0

[Event "SR 2. liga A 2016/2017"]
[Site "?"]
[Date "2017.11.25"]
[Round "3.5"]
[White "Abel, Peter"]
[Black "Bronis, Marian"]
[Result "1-0"]
[WhiteElo "2204"]
[BlackElo "2082"]
[PlyCount "107"]
[EventDate "2017.??.??"]
[WhiteTeam "SK Lowe Piestany"]
[BlackTeam "SK Krasnany"]

1. c4 e6 2. Nf3 Nf6 3. g3 b6 4. Bg2 Bb7 5. O-O Be7 6. Nc3 O-O 7. b3 d6 8. Bb2
Nbd7 9. Qc2 c5 10. Rfd1 a6 11. d4 cxd4 12. Rxd4 Qc7 13. Rc1 Rac8 14. Rd2 Qb8
15. Qb1 Qa8 16. Ne1 Rfd8 17. Bxb7 Qxb7 18. Qd3 Bf8 19. Qf3 Qb8 20. Ne4 Nxe4 21.
Qxe4 b5 22. Rdc2 Nc5 23. Qf3 bxc4 24. Rxc4 d5 25. R4c2 Ne4 26. Qd3 Qb7 27. Nf3
Rxc2 28. Qxc2 Bc5 29. Bd4 Bxd4 30. Nxd4 e5 31. Nc6 Re8 32. Nxe5 f6 33. Qc6 Qxc6
34. Nxc6 Ng5 35. Kf1 Ne6 36. Nb4 Nd4 37. e3 Nf3 38. Kg2 Ne5 39. Nxd5 Rd8 40.
Rd1 Kf7 41. e4 Rc8 42. Rd2 Rc1 43. Nb4 g5 44. Nd3 Nxd3 45. Rxd3 Ra1 46. Rd2 g4
47. h3 h5 48. hxg4 hxg4 49. f3 Ke6 50. fxg4 Ke5 51. Kf3 Ke6 52. g5 fxg5 53. Kg4
Ke5 54. Rd5+ 1-0

[Event "SR 2. liga A 2016/2017"]
[Site "?"]
[Date "2017.11.25"]
[Round "3.5"]
[White "Biro, Karol"]
[Black "Nemsak, Denis"]
[Result "0-1"]
[WhiteElo "2093"]
[BlackElo "1996"]
[PlyCount "42"]
[EventDate "2017.??.??"]
[WhiteTeam "SK Krasnany"]
[BlackTeam "SK Lowe Piestany"]

1. c4 e5 2. g3 Nc6 3. Bg2 f5 4. Nc3 Nf6 5. d3 Bb4 6. a3 Bxc3+ 7. bxc3 d6 8. Rb1
O-O 9. e3 Qe8 10. Ne2 b6 11. O-O Bd7 12. f3 e4 13. Nd4 Ne5 14. dxe4 fxe4 15.
fxe4 Qf7 16. Nf3 Qxc4 17. Nxe5 dxe5 18. Rxf6 Rxf6 19. Qxd7 Rd6 20. Qb5 Rd1+ 21.
Bf1 Rxf1+ 0-1